| 000 | 00629nam a2200193 a 4500 | ||
|---|---|---|---|
| 003 | BD-DhJNU | ||
| 005 | 20250303054550.0 | ||
| 008 | 250204s1997 ii a b 001 0 eng | ||
| 040 |
_aBD-DhJNU _bENG _cBD-DhJNU _dBD-DhJNU |
||
| 082 | 0 | 0 |
_a170 KAN _223 |
| 245 | 1 | 0 |
_aKant's critique of practical reason: _band other works on the theory of ethics / _cTranslated by Thomas Kingsmill Abbott |
| 250 | _a6th ed. | ||
| 260 |
_aDelhi : _bSurjeet Publications, _c1997. |
||
| 300 |
_alxiii, 368 p. ; _c22 cm. |
||
| 504 | _aIncludes index. | ||
| 650 | 0 | _aTheory of ethics | |
| 700 | 1 |
_aThomas Kingsmill Abbott _eTranslator |
|
| 942 |
_cBK _2ddc |
||
| 999 |
_c1435 _d1435 |
||